000 00415nam a2200157Ia 4500
008 231217s9999 xx 000 0 und d
020 _a8178812908
041 _aEnglish
082 _a658.11 SEE.1;1 R
100 _aSeethapathi, K. Murthy, G R K.
245 0 _aMergers and acquisitions V.1
260 _c2004
_bIcfai
_aHyderabad
300 _aiv, 220+A11
650 _aMergers,acquisitions,V.1
942 _cAA
999 _c187114
_d187114